|
|
|
|
| LEADER |
00716nam a22002052a 4500 |
| 001 |
001405950 |
| 003 |
CZ BrMZK |
| 005 |
20141113155938.0 |
| 007 |
ta |
| 008 |
140722s1959 xo af er|||||||||||slo d |
| 040 |
|
|
|a ABA001
|b cze
|d BOA001
|
| 100 |
1 |
|
|a Boor, Ján,
|d 1915-2002
|7 jn20000600935
|4 aut
|
| 245 |
1 |
0 |
|a Slovenská literatúra pre 10. ročník všeobecnovzdelávacích škôl /
|c Ján Boor ... [et al.]
|
| 250 |
|
|
|a 2., opr. vyd
|
| 260 |
|
|
|a Bratislava :
|b Slovenské pedagogické nakladateľstvo,
|c 1959
|
| 300 |
|
|
|a 220 s., obr. příl. :
|b il.
|
| 910 |
|
|
|a BOA001
|b 2-0415.016
|
| 990 |
|
|
|a BK
|
| 991 |
|
|
|b 201407
|
| 996 |
7 |
|
|b 2619122055
|c 2-0415.016
|l MZK
|r Sklad / do 24 hodin
|n 0
|p p.v.
|w 001441107
|u 000010
|a 1
|e BOA001
|j MZK50
|s A
|